000 00378nam a2200157Ia 4500
008 230917s9999||||xx |||||||||||||| ||und||
040 _e80452
_aMAIN
041 _aEnglish
082 _a342 T139L
100 _aThakker, C K
245 0 _aLectures on administrative law
250 _a2nd ed.
260 _aLucknow
_bEstern Book
_c1994
300 _axlvii, 360 p.
942 _cBK
999 _c66438
_d66438